ՀՀ Գիտությունների ազգային ակադեմիայի հիմնարար գիտական գրադարան  =   Fundamental Scientific Library of NAS RA

Следственное дело А.С. Грибоедова / (Record no. 301482)

MARC details
000 -LEADER
fixed length control field 00829nam a2200205 a 4500
001 - CONTROL NUMBER
control field 000840120
003 - CONTROL NUMBER IDENTIFIER
control field AM-YeHGA
005 - DATE AND TIME OF LATEST TRANSACTION
control field 20250617144832.0
008 - FIXED-LENGTH DATA ELEMENTS--GENERAL INFORMATION
fixed length control field 111020s1982 ru a r 000 0brus d
040 ## - CATALOGING SOURCE
Original cataloging agency AM-YeHGA
041 0# - LANGUAGE CODE
Language code of text/sound track or separate title rus
090 ## - LOCALLY ASSIGNED LC-TYPE CALL NUMBER (OCLC); LOCAL CALL NUMBER (RLIN)
-- 303181
100 1# - MAIN ENTRY--PERSONAL NAME
Personal name Нечкина, Милица Васильевна
Dates associated with a name 1901-1985
245 10 - TITLE STATEMENT
Title Следственное дело А.С. Грибоедова /
Statement of responsibility, etc. М.В. Нечкина ; Ред. исторической литературы.
260 ## - PUBLICATION, DISTRIBUTION, ETC.
Place of publication, distribution, etc. Москва :
Name of publisher, distributor, etc. Мысль,
Date of publication, distribution, etc. 1982.
300 ## - PHYSICAL DESCRIPTION
Extent 103 с., [8] л. порт., факсим., фотогр.
600 14 - SUBJECT ADDED ENTRY--PERSONAL NAME
Personal name Грибоедов, Александр Сергеевич
Dates associated with a name 1795-1829
650 14 - SUBJECT ADDED ENTRY--TOPICAL TERM
Topical term or geographic name entry element Биографии писателей
710 2# - ADDED ENTRY--CORPORATE NAME
Corporate name or jurisdiction name as entry element Редакции исторической литературы
Holdings
Withdrawn status Lost status Damaged status Not for loan Collection Home library Current library Date acquired Total checkouts Full call number Barcode Date last seen Price effective from Koha item type Public note
        General Fundamental Scientific Library Fundamental Scientific Library 09/01/2017   PII/492324 FL0250295 09/01/2017 09/01/2017 Գրքեր / Books 30 Days Loan
        General Fundamental Scientific Library Fundamental Scientific Library 09/01/2017   PII/495456 FL0240472 09/01/2017 09/01/2017 Գրքեր / Books 30 Days Loan


ՀՀ ԳԱԱ հիմնարար գիտական գրադարան
ՀՀ,Երևան 0019
Մարշալ Բաղրամյան 24/6
հեռախոս:(374-10) 52-47-50
Հետադարձ կապ

All site content, except where otherwise noted, is licensed under a
Creative Commons License